Curren$y Discography - Statistics

General Stats
  • This quiz has been taken 2 times
  • The average score is 30 of 83
Answer Stats
Year Name Type % Correct
2011 Covert Coup Album
100%
2018 Fetti Collaborative Album
100%
2019 2009 Collaborative Album
50%
2020 3 Piece Set EP
50%
2012 3 Piece Set: A Closed Session Mixtape
50%
2018 Air Freshna EP
50%
2016 Andretti 10/30 Mixtape
50%
2016 Andretti 11/30 Mixtape
50%
2016 Andretti 12/30 Mixtape
50%
2016 Andretti 9/30 Mixtape
50%
2019 Back at Burnie's Album
50%
2013 Bales Mixtape
50%
2016 Bourbon Street Secrets Mixtape
50%
2015 Canal Street Confidential Album
50%
2015 Cathedral Mixtape
50%
2012 Cigarette Boats Mixtape
50%
2015 Even More Saturday Night Car Tunes EP
50%
2018 Fire in the Clouds Mixtape
50%
2019 Gran Turismo Collaborative Album
50%
2012 Here... Mixtape
50%
2019 Hot August Nights EP
50%
2009 How Fly Mixtape
50%
2008 Independence Day Mixtape
50%
2013 New Jet City Mixtape
50%
2018 Parking Lot Music EP
50%
2010 Pilot Talk Album
50%
2010 Pilot Talk II Album
50%
2015 Pilot Talk III Album
50%
2012 Priest Andretti Mixtape
50%
2013 Red Eye Mixtape
50%
2011 Return to the Winner's Circle Mixtape
50%
2016 Revolver Mixtape
50%
2010 Smokee Robinson Mixtape
50%
2020 Smokin' Potnas EP
50%
2020 Spring Clean Collaborative Album
50%
2016 Stoned on Ocean Mixtape
50%
2008 Super Tecmo Bowl Mixtape
50%
2012 #The1st28 Mixtape
50%
2016 The Carrollton Heist Mixtape
50%
2017 The Champagne Files Mixtape
50%
2014 The Drive In Theatre Mixtape
50%
2017 The Fo20 Massacre Mixtape
50%
2020 The Green Tape EP
50%
2017 The Jetlanta EP Mixtape
50%
2016 The Legend of Harvard Blue Mixtape
50%
2018 The Marina EP
50%
2017 The Motivational Speech EP Mixtape
50%
2020 The OutRunners Collaborative Album
50%
2016 The Owners Manual Mixtape
50%
2018 The Spring Collection Mixtape
50%
2013 The Stage Mixtape
50%
2012 The Stoned Immaculate Album
50%
2009 This Ain't No Mixtape Album
50%
2011 Verde Terrace Mixtape
50%
2016 Weed & Instrumentals Mixtape
50%
2011 Weekend at Burnie's Album
50%
2014 World Wide Hustlers Mixtape
50%
2014 Audio D Mixtape
0%
2008 Fast Times at Ridgemont Fly Mixtape
0%
2008 Fear and Loathing in New Orleans Mixtape
0%
2008 Fin... Mixtape
0%
2008 Higher than 30,000 Feet Mixtape
0%
2019 Hot August Nights Forever EP
0%
2009 Jet Files Album
0%
2011 Jet Life to the Next Life Mixtape
0%
2011 Jet World Order Album
0%
2012 Jet World Order 2 Album
0%
2007 Life at 30,000 Feet Mixtape
0%
2013 Live in Concert EP
0%
2014 More Saturday Night Car Tunes Mixtape
0%
2012 Muslce Car Chronicles Album
0%
2014 Organized Crime Mixtape
0%
2019 Pheno Grigio Collaborative Album
0%
2019 Plan of Attack Collaborative Album
0%
2014 Saturday Night Car Tunes Mixtape
0%
2004 Sports Center, Vol. 1 Mixtape
0%
2020 The Tonite Show with Curren$y Collaborative Album
0%
2019 Umbrella Symphony EP
0%
2016 Weed and Instrumentals 2 Mixtape
0%
2018 Weed & Instrumentals 3 Mixtape
0%
2005 Welcome Back Mixtape
0%
2008 Welcome to the Winner's Circle Mixtape
0%
2005 Young Money: The Mixtape, Vol. 1 Mixtape
0%
No matching quizzes found
Score Distribution
Percent of People with Each Score
Percentile by Number Answered
Your Score History
You have not taken this quiz